[Event "FRA-chT 9900"]
[White "Guyard, Bertrand"]
[Black "Brochet, Philippe"]
[Site "France"]
[Round "8.5"]
[Result "0-1"]
[Date "2000.04.29"]
[WhiteElo "2231"]
[BlackElo "2335"]
[PlyCount "122"]
[EventDate "1999.02.04"]
[EventType "team-tourn"]
[EventRounds "11"]
[EventCountry "FRA"]
[SourceTitle "EXT 2001"]
[Source "ChessBase"]
[SourceDate "2000.11.22"]
[SourceVersion "1"]
[SourceVersionDate "2000.11.22"]
[SourceQuality "1"]

1. d4 Nc6 2. e4 e5 3. Nf3 exd4 4. Nxd4 Nge7 5. Bc4 Nxd4 6. Qxd4 Nc6 7. Qe3 Qh4 8. Nc3 Bd6 9. Qg5 Qxg5 10. Bxg5 Be5 11. 0-0 Nb4 12. Bb3 Na6 13. Rad1 d6 14. f4 Bxc3 15. bxc3 Nc5 16. e5 Bg4 17. Rde1 0-0 18. exd6 cxd6 19. Be7 Rfe8 20. Bxd6 Ne4 21. Ba3 Nd2 22. Rxe8+ Rxe8 23. Rc1 Nxb3 24. axb3 Re2 25. Kf1 Rd2 26. Bc5 a6 27. Be3 Re2 28. Bf2 Rd2 29. Be3 Re2 30. Bd4 Re4 31. g3 f6 32. Re1 Bf5 33. Rd1 h5 34. c4 Re6 35. Rd2 h4 36. Kf2 h3 37. c3 Be4 38. b4 Kf7 39. b5 Re8 40. Be3 axb5 41. cxb5 Ra8 42. Bd4 Ra1 43. Ke3 Bg2 44. Bc5 Rh1 45. f5 Rxh2 46. Rd8 g5 47. Rd7+ Ke8 48. Rh7 g4 49. Rh8+ Kf7 50. Kf4 Bf3 51. Rh7+ Kg8 52. Re7 Ra2 53. Re8+ Kg7 54. Re7+ Kh6 55. Bd4 h2 56. Rf7 h1Q 57. Rxf6+ Kh7 58. Rf7+ Kg8 59. Rg7+ Kf8 60. f6 Qc1+ 61. Kf5 Qb1+ 0-1

[Event "FRA-chT 9900"]
[White "Guyard, Bertrand"]
[Black "Godena, Michele"]
[Site "France"]
[Round "4.4"]
[Result "0-1"]
[Date "2000.03.30"]
[WhiteElo "2231"]
[BlackElo "2487"]
[PlyCount "100"]
[EventDate "1999.02.04"]
[EventType "team-tourn"]
[EventRounds "11"]
[EventCountry "FRA"]
[SourceTitle "EXT 2001"]
[Source "ChessBase"]
[SourceDate "2000.11.22"]
[SourceVersion "1"]
[SourceVersionDate "2000.11.22"]
[SourceQuality "1"]

1. d4 d5 2. c4 c6 3. Nf3 Nf6 4. Nc3 e6 5. Bg5 h6 6. Bxf6 Qxf6 7. e3 Nd7 8. Rc1 g6 9. Bd3 dxc4 10. Bxc4 Qe7 11. 0-0 Bg7 12. e4 0-0 13. e5 Rd8 14. Qe2 b6 15. Ne4 c5 16. dxc5 bxc5 17. Bb5 Nxe5 18. Nxe5 Bxe5 19. Nxc5 Bd4 20. b4 Rb8 21. a3 a5 22. Rfd1 axb4 23. axb4 e5 24. h3 Qh4 25. Nb3 Bxh3 26. Nxd4 exd4 27. gxh3 Qg5+ 28. Qg4 Qxb5 29. Rc7 Qxb4 30. Qf4 Qb3 31. Rd3 Qd5 32. Rf3 Rb1+ 33. Kh2 Rb7 34. Qxf7+ Qxf7 35. Rfxf7 Rxc7 36. Rxc7 d3 37. Rc1 d2 38. Rd1 Kf7 39. Kg3 Kf6 40. Kf4 Rd7 41. h4 h5 42. Ke4 Rd8 43. Kf4 Rd4+ 44. Ke3 Ke5 45. Kf3 Kf5 46. Ke3 Rd8 47. Kf3 Rd7 48. Ke3 Kg4 49. f3+ Kxh4 50. Kf4 Kh3 0-1

[Event "Paris op"]
[White "Guyard, Bertrand"]
[Black "Rausis, Igors"]
[Site "Paris"]
[Round "2"]
[Result "0-1"]
[Date "1998.??.??"]
[WhiteElo "2205"]
[BlackElo "2535"]
[PlyCount "39"]
[EventDate "1998.07.??"]
[EventType "swiss"]
[EventRounds "9"]
[EventCountry "FRA"]
[SourceTitle "EXT 2000"]
[Source "ChessBase"]
[SourceDate "1999.11.16"]
[SourceVersion "1"]
[SourceVersionDate "1999.11.16"]
[SourceQuality "1"]

1. d4 d5 2. c4 dxc4 3. Nf3 c6 4. a4 Nf6 5. Nc3 Bf5 6. e3 e6 7. Bxc4 Bb4 8. 0-0 Nbd7 9. Qe2 Bg6 10. Rd1 0-0 11. Na2 Bd6 12. b4 Nb6 13. Bb3 Nbd5 14. Bd2 Ne4 15. Be1 Bh5 16. Qd3 f5 17. Rac1 Bxf3 18. gxf3 Qh4 19. fxe4 fxe4 20. Qc2 0-1

[Event "Paris op"]
[White "Guyard, Bertrand"]
[Black "Ikonnikov, Vyacheslav"]
[Site "Paris"]
[Round "?"]
[Result "1-0"]
[Date "1995.??.??"]
[WhiteElo "2205"]
[BlackElo "2555"]
[PlyCount "81"]
[EventDate "1995.04.??"]
[EventType "swiss"]
[EventRounds "9"]
[EventCountry "FRA"]
[SourceTitle "EXT 1997"]
[Source "ChessBase"]
[SourceDate "1996.11.15"]
[SourceVersion "1"]
[SourceVersionDate "1996.11.15"]
[SourceQuality "1"]

1. d4 Nf6 2. c4 e6 3. Nf3 Bb4+ 4. Bd2 Qe7 5. g3 Nc6 6. Bg2 Bxd2+ 7. Nbxd2 d6 8. 0-0 a5 9. e4 e5 10. d5 Nb8 11. Ne1 0-0 12. Nd3 Na6 13. Qe2 c6 14. Rfc1 Bd7 15. Qe3 c5 16. h3 g6 17. f4 Nh5 18. fxe5 dxe5 19. g4 Ng7 20. Nf3 f5 21. exf5 gxf5 22. Qxe5 Qd8 23. g5 Qb6 24. Re1 Nb4 25. Nxb4 axb4 26. Qf4 Rae8 27. Re5 Nh5 28. Qh4 Qg6 29. Rae1 f4 30. Re7 Rxe7 31. Rxe7 Be8 32. Qe1 Ng7 33. Qe5 b5 34. Kh2 Nf5 35. Re6 Qg7 36. Rxe8 bxc4 37. Qe6+ Kh8 38. Ne5 Nd6 39. Rxf8+ Qxf8 40. Qxd6 Qxd6 41. Nf7+ 1-0

[Event "FRA-chT"]
[White "Guyard, Bertrand"]
[Black "Mensch, Etienne"]
[Site "France"]
[Round "6"]
[Result "0-1"]
[Date "1995.??.??"]
[WhiteElo "2205"]
[BlackElo "2275"]
[PlyCount "176"]
[EventDate "1995.??.??"]
[EventType "team-tourn"]
[EventRounds "5"]
[EventCountry "FRA"]
[SourceTitle "EXT 2005"]
[Source "ChessBase"]
[SourceDate "2004.11.15"]
[SourceVersion "1"]
[SourceVersionDate "2004.11.15"]
[SourceQuality "1"]

1. d4 Nf6 2. c4 d6 3. Nf3 Nbd7 4. Nc3 e5 5. e4 Be7 6. Be2 c6 7. 0-0 0-0 8. Re1 a6 9. Bf1 b5 10. a3 Bb7 11. Bg5 Qb8 12. Qc2 Re8 13. Rad1 Bd8 14. h3 Bb6 15. dxe5 dxe5 16. b4 Qa7 17. c5 Bd8 18. Rd3 Nf8 19. Red1 Qb8 20. Bh4 Ng6 21. Bg3 Bc7 22. R3d2 Bc8 23. a4 h6 24. a5 Be6 25. Ne2 Qb7 26. Nh4 Nxh4 27. Bxh4 Nh7 28. Nc1 Rac8 29. Qc3 Qb8 30. Be2 Nf8 31. Bg3 Rcd8 32. Bf3 Rxd2 33. Rxd2 f6 34. Bg4 Qc8 35. Bd1 Rd8 36. Kf1 Rd7 37. Ke1 Qe8 38. Rxd7 Qxd7 39. Qd2 Qf7 40. Qc3 Qg6 41. Qd3 Kf7 42. Bb3 Ke7 43. Bxe6 Nxe6 44. Ne2 Ng5 45. Nc3 Qf7 46. Kd2 Ne6 47. Ne2 g5 48. Ke1 h5 49. f3 Nf8 50. Nc3 Ke8 51. Ne2 Qa2 52. h4 Qa1+ 53. Qd1 Qb2 54. Qd2 Qb1+ 55. Kf2 Ne6 56. Qe1 Qc2 57. Qc1 Nd4 58. Qe3 gxh4 59. Bxh4 Kf7 60. Kf1 Qd1+ 61. Be1 Kg6 62. Qd2 Qa1 63. Nxd4 exd4 64. Ke2 Bh2 65. Kd3 Bg1 66. Ke2 Be3 67. Qd3 Qa2+ 68. Bd2 Kg5 69. Qxd4 Qxd2+ 70. Qxd2 Bxd2 71. Kxd2 Kf4 72. Ke2 Kg3 73. Kf1 h4 74. Kg1 h3 75. gxh3 Kxf3 76. Kf1 Kxe4 77. Kf2 Kf4 78. Ke2 Kg3 79. Ke3 f5 80. h4 f4+ 81. Ke4 f3 82. Ke5 f2 83. Kd6 f1Q 84. Kxc6 Qc4 85. Kb7 Qxb4 86. c6 Qxa5 87. h5 b4 88. c7 Qb5+ 0-1

[Event "FRA-chT2 9495"]
[White "Marciano, David"]
[Black "Guyard, Bertrand"]
[Site "France"]
[Round "?"]
[Result "1/2-1/2"]
[Date "1994.??.??"]
[WhiteElo "2500"]
[BlackElo "2250"]
[PlyCount "95"]
[EventDate "1994.??.??"]
[EventType "team-tourn"]
[EventRounds "11"]
[EventCountry "FRA"]
[SourceTitle "EXT 2008"]
[Source "ChessBase"]
[SourceDate "2007.11.25"]
[SourceVersion "1"]
[SourceVersionDate "2007.11.25"]
[SourceQuality "1"]

1. e4 e5 2. Nf3 Nc6 3. Nc3 Nf6 4. Bb5 Bb4 5. 0-0 0-0 6. d3 d6 7. Bg5 Bxc3 8. bxc3 h6 9. Bh4 Qe7 10. Re1 Bd7 11. d4 Rad8 12. Rb1 b6 13. Qc1 Rfe8 14. h3 Nb8 15. Bd3 a5 16. Kh2 Bc6 17. g4 Nbd7 18. d5 Bb7 19. Bb5 Rf8 20. Bxd7 Rxd7 21. g5 hxg5 22. Qxg5 Nxd5 23. Qg3 Qe6 24. exd5 Bxd5 25. Nd4 Qg6 26. Qxg6 fxg6 27. Nb3 g5 28. Bg3 Rdf7 29. Rbd1 Bc6 30. Nd2 Kh7 31. Ne4 Kg6 32. c4 Rh8 33. Re3 Bd7 34. Nxd6 Rxh3+ 35. Kg2 cxd6 36. Rxd6+ Kh7 37. Rxb6 g4 38. Rxe5 Ba4 39. Rxa5 Bxc2 40. Re5 Bd1 41. Re3 Rh5 42. Kf1 Bf3 43. Ke1 Rd7 44. Rxf3 gxf3 45. Bd6 Ra7 46. a3 Ra4 47. Rb3 Rxc4 48. Rxf3 1/2-1/2

[Event "Cannes op-B"]
[White "Trauth, Michael"]
[Black "Guyard, Bertrand"]
[Site "Cannes"]
[Round "2"]
[Result "1-0"]
[Date "1994.??.??"]
[WhiteElo "2260"]
[BlackElo "2185"]
[PlyCount "93"]
[EventDate "1994.??.??"]
[EventType "swiss"]
[EventRounds "9"]
[EventCountry "FRA"]
[SourceTitle "EXT 2004"]
[Source "ChessBase"]
[SourceDate "2003.11.25"]
[SourceVersion "1"]
[SourceVersionDate "2003.11.25"]
[SourceQuality "1"]

1. Nf3 Nf6 2. c4 g6 3. g3 Bg7 4. Bg2 0-0 5. Nc3 d6 6. 0-0 e5 7. d3 Nc6 8. Rb1 a5 9. a3 h6 10. b4 axb4 11. axb4 Be6 12. b5 Ne7 13. Bb2 Qd7 14. c5 Nh7 15. b6 d5 16. bxc7 d4 17. Ne4 Qxc7 18. Qc1 Ra5 19. Ba3 Rfa8 20. Bb4 Ra4 21. Bd2 g5 22. h4 f6 23. hxg5 hxg5 24. c6 b6 25. Bb4 Nxc6 26. Bd6 Qd7 27. Rxb6 Bd5 28. Nfd2 Ra2 29. Nc4 Na5 30. Nxa5 R2xa5 31. Bb4 Rb5 32. Nc5 Rxc5 33. Qxc5 Bxg2 34. Kxg2 Rc8 35. Qb5 Qxb5 36. Rxb5 Rc7 37. Rb1 Kf7 38. Ba5 Rc2 39. Rb7+ Kg6 40. Ra7 Bh6 41. Rb8 Nf8 42. Re8 Rc6 43. g4 Re6 44. Rb8 f5 45. Bb4 Rf6 46. Be7 Rf7 47. Ra6+ 1-0